Statystyki dla Członkowie Ligi Państw Arabskich

Kliknij tutaj aby rozwiązać quiz!

Ogólne statystyki

  • Ten quiz został rozwiązany 14 062 razy
  • Średni wynik to 17 z 22

Statystyki odpowiedzi

Kraj% Poprawnych
Arabia Saudyjska
97%
Irak
94%
Oman
93%
Egipt
92%
Jemen
92%
Katar
90%
Zjednoczone Emiraty Arabskie
90%
Syria (Opozycja Syryjska)
86%
Algieria
83%
Maroko
82%
Kuwejt
81%
Libia
81%
Jordania
78%
Sudan
77%
Bahrajn
75%
Liban
75%
Tunezja
75%
Somalia
60%
Mauretania
56%
Palestyna
47%
Dżibuti
43%
Komory
27%

Rozkład punktacji

Percentyl według liczby udzielonych odpowiedzi

Procent ludzi z każdym wynikiem

Twoja historia wyników

Nie rozwiązałeś tego quizu